Automatizované vyhotovovanie účtovných výkazov

Bibliographic Details
Main Author: Macák, L. (Author)
Format: Article
Language:Slovak
Subjects:

MARC

LEADER 00000nab a2200000 a 4500
001 vtls000234690
003 SK-MaSNL
005 20260302212808.0
008 111130c1985 xo 0 slo
015 |a SNBRB19rr/mm-uuuuu 
035 |a CL0244804 
040 |a SNKBUCL  |b slo  |c SNKBUCL  |e AACR2 
041 0 |a slo 
044 |a xo  |c SK 
080 |a 631.162:681.3.06  |2 1981 
080 |a 681.3.06  |2 1981 
100 1 |a Macák, L.  |4 aut  |9 937941 
245 1 0 |a Automatizované vyhotovovanie účtovných výkazov  |c L. Macák 
300 |b Obr. 1. 
650 0 7 |a ekonomika poľnohospodárstva  |2 snkbucl  |9 3609 
650 0 7 |a účtovné výkazy  |2 snkbucl  |9 106344 
655 7 |a články z novín a časopisov  |2 snkbucl  |9 267496 
773 0 |t Racio  |g Č. 1 (1985), s. 19-21 
850 |a Slovenská národná knižnica v Martine  |a MTA001 
852 |a SNK  |b KIS3GCP 
958 |a RK 
992 |a RBX 
999 |c 1490721  |d 1492651